| 000 | 00679nam a2200217 a 4500 | ||
|---|---|---|---|
| 008 | |||
| 049 | _aMAIN | ||
| 090 | 0 | _aTA155 | |
| 245 | 1 | 0 |
_aEngineering: _b its role and function in human society / _cedited by William H. Davenport and Daniel Rosenthal. |
| 260 | 0 |
_aNew York : _bPergamon Press , _cc1967. |
|
| 300 |
_axii, 284 p. _c24 cm. |
||
| 490 | 0 | _aPergamon unified engineering series. | |
| 650 | 0 | _aEngineering. | |
| 650 | 0 | _aTechnology and civilization. | |
| 700 | 1 | 0 | _aRosenthal, Daniel M. |
| 907 |
_a.b10162951 _b10-01-06 _c11-05-05 |
||
| 003 | |||
| 005 | 20230123134009.0 | ||
| 040 | _cNUST | ||
| 942 |
_cBOOKS _kTA155 |
||
| 999 |
_c158242 _d158242 |
||